Państwa Azji z powyżej 6 sąsiadami - Statystyki

Ogólne statystyki
  • Ten quiz został rozwiązany 27 razy
  • Średni wynik to 5 z 7
Statystyki odpowiedzi
Odpowiedź % Poprawnych
14 Chiny
95%
6 Indie
91%
7 Arabia Saudyjska
86%
7 Iran
86%
6 Irak
64%
8 Turcja
64%
6 Afganistan
55%
Nie znaleziono quizów pasujących do podanych kryteriów
Rozkład punktacji
Procent ludzi z każdym wynikiem
Percentyl według liczby udzielonych odpowiedzi
Twoja historia wyników
Nie rozwiązałeś tego quizu